Plante à fleur - Espèces à connaitre - Statistiques

Statistiques générales
  • Ce quiz a été pris 36 fois
  • Le résultat moyen est 23 sur 124
Statistiques - réponses
Par images Réponse % Correct
Arum tacheté
100%
Aconit tue-loup
50%
Ail des ours
50%
Anémone fausse renoncule
50%
Anémone sylvie
50%
Bourse à pasteur
50%
Buddléia de David
50%
Cabaret des oiseaux
50%
Caille-lait blanc
50%
Cardamine hérissée
50%
Carotte sauvage
50%
Cerfeuil des bois
50%
Compagnon blanc
50%
Coquelicot
50%
Digitale pourpre
50%
Eupatoire chanvrine
50%
Euphorbe des bois
50%
Faux-fraisier
50%
Fraisier des bois
50%
Fraisier des Indes
50%
Gaillet gratteron
50%
Grande ciguë
50%
Grande ortie
50%
Hellébore fétide
50%
Lamier blanc
50%
Lamier jaune
50%
Lamier pourpre
50%
Luzerne lupuline
50%
Millepertuis à 4 ailes
50%
Millepertuis perforé
50%
Orchis mâle
50%
Ortie brûlante
50%
Plantain lancéolé
50%
Poivre d'eau
50%
Primevère élevée
50%
Primevère officinale
50%
Renoncule âcre
50%
Renoncule rampante
50%
Renouée bistorte
50%
Silène dioïque
50%
Stellaire holostée
50%
Tanaisie commune
50%
Tussilage
50%
Véronique à feuilles de lierre
50%
Achillée millefeuille
0%
Aigremoine eupatoire
0%
Alliaire officinale
0%
Ancolie vulgaire
0%
Angélique des bois
0%
Armoise commune
0%
Aspérule odorante
0%
Benoîte commune
0%
Berce commune
0%
Bouillon blanc
0%
Camomille sauvage
0%
Cardamine des prés
0%
Cardère poilue
0%
Centaurée jacée
0%
Céraiste commun
0%
Céraiste des champs
0%
Chicorée sauvage
0%
Corydale solide
0%
Egopode podagraire
0%
Epiaire des bois
0%
Epilobe en épi
0%
Euphorbe réveil-matin
0%
Ficaire fausse renoncule
0%
Galeopside à tige carrée
0%
Geranium Herbe à Robert
0%
Gesse des prés
0%
Grande chélidoine
0%
Herbe à la coupure
0%
Hippocrépide à toupet
0%
Joubarbe des toits
0%
Knautie des champs
0%
Laiteron épineux
0%
Lathrée écailleuse
0%
Lierre terrestre
0%
Lotier corniculé
0%
Luzerne cultivée
0%
Matricaire inodore
0%
Matricaire odorante
0%
Mauve musquée
0%
Mauve sylvestre
0%
Mélilot officinal
0%
Millepertuis élégant
0%
Millepertuis hérissé
0%
Morelle douce-amère
0%
Morelle noire
0%
Mouron des oiseaux
0%
Œillet des chartreux
0%
Onagre bisannuelle
0%
Origan commun
0%
Orpin âcre
0%
Orpin blanc
0%
Oseille sauvage
0%
Patience à feuilles obtuses
0%
Patience crépue
0%
Pensée des champs
0%
Pensée sauvage
0%
Petite ciguë
0%
Petite oseille
0%
Plantain à larges feuilles
0%
Plantain moyen
0%
Potentille ansérine
0%
Potentille rampante
0%
Reine-des-prés
0%
Renouée des oiseaux
0%
Renouée du Japon
0%
Scrofulaire noueuse
0%
Séneçon commun
0%
Seneçon jacobée
0%
Valériane officinale
0%
Valériane rouge
0%
Vergerette du Canada
0%
Véronique de Perse
0%
Véronique petit-chêne
0%
Vesce cultivée
0%
Violette de Reichenbach
0%
Violette de Rivinus
0%
Violette des chiens
0%
Violette des marais
0%
Violette hérissée
0%
Violette odorante
0%
Aucun quiz correspondant
Distribution des résultats
% des personnes avec chaque résultat
Percentile par nombre de réponses
Votre historique - résultats
Vous n’avez pas pris ce quiz